Quizzes
Events
Quiz Creation
Community
Videos
Private Events
Remove Ads
Sign In
Join for FREE
Feedback
Dark Mode
Quiz Categories
Sports
Geography
Music
Movies
Television
Just For Fun
Miscellaneous
History
Literature
Language
Science
Gaming
Entertainment
Religion
Holiday
For Kids
Quiz Lab
Recent
Popular Today
Quiz Kudos Today
Editor Picks
Curator Picks
Quizzes by...
Day
Popularity
Type
Ratings
Length
Year
Community
Subscriptions
Recent Discussions
Orange Saloon
Badges
Playlists
Quests
Create
Leaderboards
Showdown
Live 5
Trivia Bingo
Activity
Puzzle Library
Sporcle Events
Private Events
Virtual Trivia
Globe League
Become a Host
Pub Owners
SporcleCon
Opinionation
Our Games
Videos
Blog
Mobile Apps
Partnerships
Remove Ads and Go Orange
Feedback
Entertainment
Celebrity
Famous
Musical
Broadway
Show
Quote
Comic Books
Anime
Superhero
DC Comics
Marvel
Cartoons
Animation
Entertainment
Celebrity
Famous
Musical
Broadway
Show
Quote
Comic Books
Anime
Superhero
DC Comics
Marvel
Cartoons
Animation
Random Quiz
Search Sporcle
×
Quiz Lab
Quiz Lab
Entertainment
WWE
Type in answers that appear in a list
Type in answers that appear in a list
Classic
Best Score? Go Orange.
Complete the Card: NXT Takeover: Respect Stats
Can you name the matches at NXT Takeover: Respect?
By
TheDarkStallion
10m
28 Questions
153 Plays
153 Plays
153 Plays
Comments
Comments
Give Quiz Kudos
Give Quiz Kudos
-
- Ratings
hide this ad
Replay
Link that replays current quiz
Next Quiz
Link to next quiz in quiz playlist
You Got
0%
They Got
Avg Score
76%
Avg Friend Score
Upgrade to see
Score Distribution
Jump to the score distribution portion of the page
Score
0/28
Timer
10:00
0
Plays Today
Hint
Wrestler
% Correct
Dusty Rhodes Tag Team Classic Semi-
Final Match 1
Finn Balor
97.4%
Dusty Rhodes Tag Team Classic Semi-
Final Match 1
Samoa Joe
97.4%
Dusty Rhodes Tag Team Classic Final
Finn Balor
97.4%
Dusty Rhodes Tag Team Classic Final
Samoa Joe
97.4%
30-
Minute Iron Man Match for the NXT Women's Championship
Sasha Banks
94.8%
30-
Minute Iron Man Match for the NXT Women's Championship
Bayley
94.1%
Dusty Rhodes Tag Team Classic Semi-
Final Match 2
Baron Corbin
89.5%
Dusty Rhodes Tag Team Classic Final
Baron Corbin
89.5%
Dusty Rhodes Tag Team Classic Semi-
Final Match 1
Scott Dawson
86.3%
Women's Division Match
Emma
85.6%
Dusty Rhodes Tag Team Classic Semi-
Final Match 1
Dash Wilder
84.3%
Women's Division Match
Asuka
84.3%
Women's Division Match
Dana Brooke
83%
Dusty Rhodes Tag Team Classic Semi-
Final Match 2
Rhyno
80.4%
Hint
Wrestler
% Correct
Dusty Rhodes Tag Team Classic Final
Rhyno
80.4%
Dusty Rhodes Tag Team Classic Semi-
Final Match 2
Jason Jordan
79.7%
Dusty Rhodes Tag Team Classic Semi-
Final Match 2
Chad Gable
79.7%
Other Talent
Corey Graves
77.1%
Singles Match
Apollo Crews
72.5%
Singles Match
Tyler Breeze
70.6%
Other Talent
Renee Young
69.3%
Other Talent
Cody Rhodes
65.4%
Other Talent
Dustin Rhodes
64.7%
Other Talent
Byron Saxton
58.8%
Other Talent
Rich Brennan
51.6%
Other Talent
Lita
44.4%
Dark Match
Bull Dempsey
43.8%
Dark Match
Sawyer Fulton
19.6%
Quiz Playlist
Details
Report
Send in Message
Add To Playlist
Classic:
Type in answers that appear in a list
Quiz Source
Last Updated: Feb 16, 2017
Quiz Scoreboard
CHALLENGE
Sign Up to Join the Scoreboard
Show All
Scores
Hide
Comments
May contain spoilers
Recently Published
NBA Finals Game Top Scorers (2010s)
by flibbidy
Sports
5m
Guess the 'R' Things in 3 Words
by MSUKent
Miscellaneous
3m
Actor to Badly Drawn Movie III
by MoMosMoProblems
Movies
5m
More to Explore
Quiz From the Vault
Featured Blog Post
Where Does Lost Luggage Go?
hide this ad
You Might Also Like...
Tags
WWE Quiz
Dusty Rhodes
NXT
Pro Wrestling
Wrestled
Wrestling
WWF Wrestling
Today's Top Quizzes in Entertainment
Browse Entertainment
hide this ad
Today's Top Quizzes in WWE
Browse WWE
Top Contributed Quizzes in Entertainment
1
The Joker Actors by Order
2
Spider-Man Actors by Order
3
The Incredible Hulk Actors by Order
4
Superman Actors by Order
5
Catwoman Actresses by Order
6
The Penguin Actors by Order
7
The Riddler Actors by Order
8
Nickname Match: Pop Culture Kings
9
Two-Face Actors by Order
10
Marvel Picture Find: Capcom
Explore More
Trending Topics
Disney
NBA
Anime
Harry Potter
Marvel
Crossword
Kpop
The Office
Song
Country
Pokémon
WWE
Puzzle
NFL
Soccer
hide this ad
More By:
TheDarkStallion
Quiz
Plays
Rating
Category
Featured
Created
Surprise Royal Rumble Entrants (2000-2023)
1,268
3.40
Sports
Jan 17, 2017
Gimme Five: NXT Edition
776
5.00
Entertainment
Apr 6, 2016
Complete the Card: NXT Takeover: London
749
5.00
Entertainment
Mar 22, 2016
Gimme Five: NXT Edition Part II
588
5.00
Entertainment
Apr 12, 2016
Gimme Five: Royal Rumble Edition
481
5.00
Entertainment
Jan 9, 2017
Go to Creator's Profile
Score Distribution
Quiz Creator Spotlight
TheDarkStallion
Follow
Send a Message
Quizzes Created
-
Created Quiz Play Count
-
More By This Creator
Popular Quizzes Today
1
Find the US States - No Outlines Minefield
2
Find the US States
3
The Countries of the World
4
10 Largest US States in Order
5
Find the Countries of Europe - No Outlines Minefield
6
US States
7
Guess the 'R' Things in 3 Words
8
NBA Finals Game Top Scorers (2010s)
More Entertainment Quizzes
X-Men Panorama Picture Find
Quiz Lab
Trending Quizzes
First Name TV: Leading Men
Match the Book to the Film II
First Name TV: Leading Women Drama
3-Word Movies in 1 Word II
Match the Book to the Film VI
Recently Updated
Women's Final Four Teams by Year
bhenderson79
Presidents Quartet II
eogle
Anything But Clue(do)
eogle
Anything But Oceanian Capitals
eogle
Anything But 7
eogle
Anything But Thing
eogle
Word Ladder: February 29
pecheneg
Song Title Questions
pecheneg
Women's NCAA Tournament #1 Seeds
pecheneg
Celebrity Mug Shots
pecheneg
Trending Topics
NBA
Kpop
Anime
Harry Potter
Disney
Marvel
Crossword
Country
Puzzle
Pokémon
Soccer
Song
NFL
WWE
The Office
Your Account Isn't Verified!
In order to create a playlist on Sporcle, you need to verify the email address you used during registration. Go to your
Sporcle Settings
to finish the process.
Report this User
Report this user for behavior that violates our
Community Guidelines
.
Details:
Send Report
Go to the Sporcle.com Mobile Site →
Comments